| 000 | 00630nam a22002057a 4500 | ||
|---|---|---|---|
| 003 | 0 | ||
| 005 | 20250930094711.0 | ||
| 008 | 250930b xxu||||| |||| 00| 0 eng d | ||
| 020 | _a978-1-394-29318-6 | ||
| 050 |
_aHQ 77.9 _b.G46 2025 |
||
| 245 |
_aGender transition / _cAdrien Lawyer, T. Michael Trimm, Erik Wolf, and Molly McClain. |
||
| 260 |
_aHoboken, NJ : _bJohn Wiley & Sons, Inc., _c2025. |
||
| 300 |
_axi, 238 pages ; _c24 cm. |
||
| 504 | _aIncludes index. | ||
| 650 | _aTransgender people. | ||
| 650 | _aGender transition. | ||
| 650 | _aGender identity. | ||
| 650 |
_aSexual minorities _xIdentity. |
||
| 942 |
_2lcc _cBK |
||
| 999 |
_c368145 _d368145 |
||